| 000 | 00623nam a2200217Ia 4500 | ||
|---|---|---|---|
| 008 | 131103s9999 xx 000 0 und d | ||
| 040 | _aLoreto College | ||
| 041 | _aEnglish | ||
| 082 |
_a891.7/CHE _bLCLIB/Copy 2 |
||
| 100 | _aChekhov,Anton | ||
| 245 |
_aPlays and stories _cAnton - Chekkhov;translated by S.S.Koteliansky |
||
| 260 |
_aLondon _bJ.M.Dent _c1937 |
||
| 300 |
_axviii,375 p. _c 17 cm. |
||
| 440 | _aEveryman's Library | ||
| 504 | _aOriginal Author's Name;Anton Tchekhov | ||
| 650 | _aRussian Poetry | ||
| 651 | _aRussian Fiction | ||
| 700 | _aKoteliansky,S.S.,tr. | ||
| 850 | _aLCLIB | ||
| 942 | _cBK | ||
| 999 |
_c13574 _d64053 |
||